000 01152aam a2200457 4500
005 20260224153543.0
008 150624b2011 xxu||||| |||| 00| 0 spa d
020 _a9789706137883
041 _aESP
082 _a364 M213m2
100 _aMaguire, Mike
_925716
100 _aMorgan, Rod
_925717
100 _aReiner, Robert
_925718
245 _aManual de criminología
250 _a2 edición
260 _aMéxico
260 _bOxford
260 _c2011
300 _a844 páginas
490 _aInvestigación Criminal
650 _aCRIMINOLOGÍA
650 _aDELINCUENCIA
650 _aDELITOS VIOLENTOS
650 _aDELITOS DE CUELLO BLANCO
650 _aDROGAS
650 _aDELITOS
650 _aBANDAS JUVENILES
650 _aSUBCULTURAS
650 _aDELINCUENCIA PROFESIONAL
650 _aCRÍMEN ORGANIZADO
650 _aPOLÍTICA DEL DELITO
650 _aDESARROLLO HUMANO
650 _aCRIMINOLOGÍA AMBIENTAL
650 _aPREVENCIÓN DEL DELITO
650 _aPOLICÍA
650 _aACTIVIDAD POLICIACA
650 _aPRISIONES
650 _aRAZA
650 _aVÍCTIMAS
942 _cBK
_2ddc
999 _c3045
_d3045